Soudnictví v Evropské unii mezi hierarchií a dialogem
Problematika dvojakej lojality národného sudcu. Postavenie súdneho dvora v Európskej súdnej sústave. Európske spoločenstvo ako spoločenstvo práva. Súdny dvor ako faktor stability a prehlbovania integrácie. Judikatúra Súdneho dvora v systéme komunitárneho práva. Nástroj zjednocovania aplikácie komun...
Salvato in:
| Autore principale: | |
|---|---|
| Natura: | Capitolo di libro |
| Lingua: | ceco |
| Soggetti: | |
| Tags: |
Nessun Tag, puoi essere il primo ad aggiungerne!!
|
MARC
| LEADER | 00000naa$a2200000$$$4500 | ||
|---|---|---|---|
| 001 | 0018120 | ||
| 005 | 20231016095728.8 | ||
| 041 | 0 | |a cze | |
| 044 | |a CZ | ||
| 245 | 1 | 0 | |a Soudnictví v Evropské unii mezi hierarchií a dialogem |c aut. Jiří Zemánek |
| 520 | |a Problematika dvojakej lojality národného sudcu. Postavenie súdneho dvora v Európskej súdnej sústave. Európske spoločenstvo ako spoločenstvo práva. Súdny dvor ako faktor stability a prehlbovania integrácie. Judikatúra Súdneho dvora v systéme komunitárneho práva. Nástroj zjednocovania aplikácie komunitárneho práva a ochrany práv jednotlivcov. Zodpovednosť členského štátu za škodu spôsobenú porušením komunitárneho práva. | ||
| 610 | 2 | 0 | |a súdnictvo |
| 610 | 2 | 0 | |a Európska únia |
| 610 | 2 | 0 | |a sudcovia |
| 610 | 2 | 0 | |a právo medzinárodné |
| 610 | 2 | 0 | |a právo komunitárne |
| 610 | 2 | 0 | |a systémy právne |
| 610 | 2 | 0 | |a ochrana osobnosti |
| 610 | 2 | 0 | |a ochrana práv občanov |
| 610 | 2 | 0 | |a zodpovednosť právna |
| 610 | 2 | 0 | |a zodpovednosť za škody |
| 100 | 1 | |a Zemánek, Jiří | |